00728nam a22001937a 4500003000400000005001700004008002900021040002500050100002900075245007500104260007000179300002200249500007700271504003100348590002900379942001400408952009500422999001700517OSt20201120095742.0201120b 2013 dr 00| 0 eng d aDO-SdBNPbspacBNPHU1 aVásquez, José95192810aHurtos públicos cosentidos (salarios y pensiones)cJosé Vásquez. aLa Vega, República Dominicana : bImpresora Universal, c2013. a102 p. ;c23 cm.  aIncluye datos biográficos del autor en la solapa de la contracubierta. aBibliografía : p. 99-102 aInventariado, 2020 /LP  2ddccLBS1 00102ddc51718MOaBNPHUbPDcHDd2020-11-20eODECOPLINl0r2020-11-20w2020-11-20yLBS1 c49172d49172